| 000 | 00465nam a2200193Ia 4500 | ||
|---|---|---|---|
| 005 | 20240823052610.0 | ||
| 008 | 240823s9999||||xx |||||||||||||| ||und|| | ||
| 020 | _a978-81-8209-229-7 | ||
| 041 | _aENGLISH | ||
| 082 | _A420 P8 | ||
| 100 | _aSumant S | ||
| 245 | 0 | _aTechanical English | |
| 250 | _a1st | ||
| 260 |
_c2008 _bVijay Nicole Imprints Private Li |
||
| 500 | _aTRANSFERED | ||
| 650 |
_aTechanical English _bEnglish |
||
| 942 | _cBK | ||
| 999 |
_c222246 _d222246 |
||